Chaotic dynamics: an introduction (Record no. 78156)

MARC details
000 -LEADER
fixed length control field 01037nam a2200193 a 4500
008 - FIXED-LENGTH DATA ELEMENTS--GENERAL INFORMATION
fixed length control field 120416s1990 ||||||||||||||||| || u
020 ## - INTERNATIONAL STANDARD BOOK NUMBER
International Standard Book Number 052138897x
050 ## - LIBRARY OF CONGRESS CALL NUMBER
Classification number QA 862.P4 Bak
100 ## - MAIN ENTRY--PERSONAL NAME
Personal name Baker, Gregory L
245 10 - TITLE STATEMENT
Title Chaotic dynamics: an introduction
260 ## - PUBLICATION, DISTRIBUTION, ETC.
Place of publication, distribution, etc. Cambridge:
Name of publisher, distributor, etc. The University Press
Date of publication, distribution, etc. 1990
350 ## -
-- 0.00
650 ## - SUBJECT ADDED ENTRY--TOPICAL TERM
Topical term or geographic name entry element Pendulum
650 ## - SUBJECT ADDED ENTRY--TOPICAL TERM
Topical term or geographic name entry element CHAOTIC BEHAVIOR IN SYSTEMS
995 ## -
-- ANNEX COLLECTION (Main Library)
-- 0.00
-- 026340
-- CBU-MAIN LIBRARY (Kitwe)
-- 3
-- 10.95
-- QA 862.P4 Bak
-- AVAILABLE
-- 026340
-- Annex Low-Usage Collection
995 ## -
-- ANNEX COLLECTION (Main Library)
-- 0.00
-- 026422
-- CBU-MAIN LIBRARY (Kitwe)
-- 2
-- 10.95
-- QA 862.P4 Bak
-- AVAILABLE
-- 026422
-- Annex Low-Usage Collection
995 ## -
-- ANNEX COLLECTION (Main Library)
-- 0.00
-- 026423
-- CBU-MAIN LIBRARY (Kitwe)
-- 4
-- 10.95
-- QA 862.P4 Bak
-- AVAILABLE
-- 026423
-- Annex Low-Usage Collection
995 ## -
-- ANNEX COLLECTION (Main Library)
-- 0.00
-- 026508
-- CBU-MAIN LIBRARY (Kitwe)
-- 1
-- 10.95
-- QA 862.P4 Bak
-- AVAILABLE
-- 026508
-- Annex Low-Usage Collection
999 ## -
-- 78156
-- 78156
Holdings
Withdrawn status Lost status Source of classification or shelving scheme Damaged status Not for loan Permanent Location Current Location Shelving location Date acquired Total Checkouts Full call number Barcode Date last seen Copy number Price effective from Koha item type
          CBU-MAIN LIBRARY, KITWE. CBU-MAIN LIBRARY, KITWE.   05/03/2023   QA 862.P4 Bak 026340 05/03/2023 1 05/03/2023 MONOGRAPH
          CBU-MAIN LIBRARY, KITWE. CBU-MAIN LIBRARY, KITWE.   05/03/2023   QA 862.P4 Bak 026422 05/03/2023 2 05/03/2023 MONOGRAPH
          CBU-MAIN LIBRARY, KITWE. CBU-MAIN LIBRARY, KITWE.   05/03/2023   QA 862.P4 Bak 026423 05/03/2023 3 05/03/2023 MONOGRAPH
          CBU-MAIN LIBRARY, KITWE. CBU-MAIN LIBRARY, KITWE.   05/03/2023   QA 862.P4 Bak 026508 05/03/2023 4 05/03/2023 MONOGRAPH